Historia de la filosofía Siglo XXI : la filosofía en el renacimiento /

Colección de estudios de historia de la filosofía bajo la dirección e Brice Parain los primeros cuatro volúmenes, y luego bajo Yvon Belaval, el resto de los once que la componen. La labor de razonar es tan antigua como el hombre, pero los maneras propias de llevarla a cabo y de comunicarla son espec...

Полное описание

Сохранить в:
Библиографические подробности
Главный автор: Gandillac, Maurice de (autor)
Формат:
Язык:испанский
Опубликовано: Madrid, España : Siglo XXI, 1980, c1980
Редактирование:4a edición
Серии:(Historia de la Filosofía Siglo XXI ; 5)
Предметы:
Метки: Добавить метку
Нет меток, Требуется 1-ая метка записи!

MARC

LEADER 00000nam^a2200000^a^4500
001 000382458
005 20250521000000.0
009 20260310120743.194
020 |a 84-323-0136-1 
020 |a 84-323-0112-4 
025 |a Donación Juan Diego Castillo, 1 ejemplar 
037 |a Acervo ITESO - Biblioteca 
041 |a ESP 
082 |a 140. 9  |b SIG V. 5 
100 |a Gandillac, Maurice de  |e (autor) 
240 1 1 |a [Historia de la filosofía Siglo XXI] 
245 1 0 |a Historia de la filosofía Siglo XXI :  |b la filosofía en el renacimiento /  |c M. de Gandillac ; dir. de la serie de Y. Belaval ; tr. por Manuel Pérez Ledesma, Teodoro de Andrés, Joaquín Sanz Guijarro. 
250 |a 4a edición 
264 4 |a Madrid, España :  |b Siglo XXI,  |c 1980, c1980 
300 |a 377 p. 
336 |a texto  |b txt  |2 rdacontenido 
337 |a sin mediación  |b n  |2 rdamedio 
338 |a volumen  |b nc  |2 rdasoporte 
440 1 |a (Historia de la Filosofía Siglo XXI ;  |v 5) 
500 |a Traducción de: Histoire de la Philosophie 2. Encyclopédie de la Pléiade 
520 |a Colección de estudios de historia de la filosofía bajo la dirección e Brice Parain los primeros cuatro volúmenes, y luego bajo Yvon Belaval, el resto de los once que la componen. La labor de razonar es tan antigua como el hombre, pero los maneras propias de llevarla a cabo y de comunicarla son específicas de cada cultura, grupo, movimiento, ideología, etc. En esta obra se hace un recorrido más o menos cronológico de la actividad filosófica poniendo atención en los principales actores y también en las corrientes de pensamiento que se fueron originando y en las que dichos actores se pueden clasificar. 
561 |a Ex libris manuscrito de María de la Asunción Méndez, fechado en agosto de 1982 
649 |a XX 
650 |a Filosofía del Renacimiento -  |x Historia y Crítica -  |x Tema Principal 
650 |a Utopía 
650 |a Racionalismo -  |x Historia y Crítica 
650 |a Humanismo -  |x Historia y Crítica 
650 |a Filosofía -  |x Historia y Crítica -  |x Tema Principal 
910 |a Fondo Castillo-Martínez 
920 |a Impresos - Libros 
930 |a Fondos Especiales 
905 |a 127 
901 |a 0500277880  |b IT2  |c ESP  |i FXC D  |u 20250521 
902 |a https://opac.biblio.iteso.mx/vufind/Record/000382458